MARC

LEADER 00000nam0a2200000 4500
001 243855
005 20231101232013.0
035 |a (RuTPU)RU\TPU\book\265209 
090 |a 243855 
100 |a 20131008d1982 km y0rusy50 ca 
101 1 |a rus  |c ger 
102 |a RU 
105 |a a z 001zy 
200 1 |a Химия на пути в третье тысячелетие  |e пер. с нем.  |f З. Поллер 
210 |a Москва  |c Мир  |d 1982 
215 |a 400 с.  |c ил. 
320 |a Библиогр.: с. 8. 
606 1 |a Химия  |2 stltpush  |3 (RuTPU)RU\TPU\subj\17362  |9 43035 
610 1 |a настоящее 
610 1 |a будущее 
610 1 |a развитие 
610 1 |a прогноз 
610 1 |a сырье 
610 1 |a энергия 
610 1 |a автоматизация 
610 1 |a новые продукты 
610 1 |a изотопы 
610 1 |a лазеры 
610 1 |a фотохимия 
610 1 |a материалы 
610 1 |a борьба 
610 1 |a лекарства 
610 1 |a разработка 
610 1 |a политика 
610 1 |a голод 
610 1 |a библиотека А. Г. Стромберга 
675 |a 54  |v 3 
700 1 |a Поллер  |b З.  |g Зигфрид 
801 1 |a RU  |b 63413507  |c 20131008 
801 2 |a RU  |b 63413507  |c 20170914  |g RCR 
942 |c BK